000 00419nam a2200169Ia 4500
001 18164
003 IN-NITTTR
005 20251114233212.0
008 251113s9999||||xx |||||||||||||| ||eng||
040 _beng
040 _cIN-NITTTR
041 _aeng
082 _a760 M127B
100 _aMcCarthy, Juergens
245 0 _aBasic advertising themes and their presentation II. /
_cMcCarthy, Juergens
942 _2ddc
_cBK
999 _c20798
_d20798